| 000 | 00688nam a2200205 a 4500 | ||
|---|---|---|---|
| 001 | 000026109 | ||
| 005 | 20260218080534.0 | ||
| 008 | 110301s1970 sp r 000 0 spa d | ||
| 040 |
_aDO-SdBNP _bspa _cBNPHU |
||
| 082 |
_a335.4 _bC338c |
||
| 100 | 1 |
_aCases, Cesare _953048 |
|
| 245 | 1 | 0 |
_aCrítica del marxismo liberal / _cCesare Cases ; traducción de Manuel Pujadas. |
| 260 |
_aBarcelona : _bPenínsula, _c1970. |
||
| 300 |
_a147, [8] p. ; _c18 cm. |
||
| 490 | 1 |
_aEdiciones de bolsillo. Nueva colección ibérica ; _v25 |
|
| 650 | 0 |
_aMarxismo _95234 |
|
| 700 | 1 |
_aPujadas, Manuel _etr. _953049 |
|
| 830 | 0 |
_aNueva colección Ibérica ; _pEdiciones de bolsillo _v25 _953050 |
|
| 049 | _aBNGR | ||
| 999 |
_c25601 _d25601 |
||